Gaming Quiz

Random Gaming or Nintendo Quiz

Which Game in the Series? Quiz Stats

 Plays Quiz Updated Feb 10, 2016

Support Sporcle.
Go Orange.
Score 0/30 Timer 05:00
4 Plays Today
% Correct
Correct! It's Wii Sports
94.3%
Yes! Pokémon Red
79.6%
Of Course! It's Lego The Lord of the Rings
78.7%
Yes! That's GoldenEye 007
68.6%
Correct! It's BioShock Infinite
67.9%
Right! It's Street Fighter II
62.3%
Yes! It's Crash Bandicoot
61.6%
Yes! It's Sonic the Hedgehog
57.2%
Yes! The Legend of Zelda: Ocarina of Time
56.7%
Right! It's Asassin's Creed II
55.5%
Correct! It is Super Smash Bros. Melee
55.1%
Yes! It's Metal Gear Solid 3: Snake Eater
50.3%
Of course! Halo: Combat Evolved
50.1%
Correct! It's Guitar Hero III: Legends of Rock
48.5%
Correct! It's Super Mario Bros. 3
48%
% Correct
Of course! That's Final Fantasy VII
47.4%
Right! It's GTA 2
45.2%
Well done! It's Super Metroid
42%
Yes! That's The Sims 2
41.4%
That's right! It's Gran Turismo 2
39.9%
Right! It's Need for Speed: Most Wanted
39.4%
Yes! It's Far Cry 2
36%
Yes! It's Madden NFL 10
35.8%
Yes! That's Mario Party 5
35.1%
Yes! It's Spyro: Year of the Dragon!
35%
Right! It's Gears of War 3
34.7%
Right! It's FIFA 13
34.6%
Yes! It's Tony Hawk's Pro Skater 4
27.7%
Yes! It's Resident Evil 3: Nemesis
27.5%
Correct, it's Call of Duty
26.8%

From the Vault

3 Language Threesomes

by sproutcm

Language 90s
Trilingualists wanted.
Remove Ads.
Support Sporcle.
Get the best of Sporcle when you Go Orange. This ad-free experience offers more features, more stats, and more fun while also helping to support Sporcle. Thank you for becoming a member.

Show Comments

Extras

Top Quizzes Today


Score Distribution

Your Account Isn't Verified!

In order to create a playlist on Sporcle, you need to verify the email address you used during registration. Go to your Sporcle Settings to finish the process.

Report this User

Report this user for behavior that violates our Community Guidelines.

Details: